000 00584nam a2200241Ia 4500
003 OSt
005 20221007070611.0
006 a|||||r|||| 00| 0
007 ta
008 221006b |||||||| |||| 00| 0 eng d
024 _a43,287
037 _cTextual
040 _aFLL
_cFLL
_beng
041 _2eng
_aeng
082 _aZ2,801, Q4
100 _aJai J.R.
_9687509
245 0 _aBail
250 _a6th
260 _aGurgaon
_bLexisNexis India
_c2014
300 _a452 xliii
_ccm.
942 _hZ2,801, Q4
_cTEXL
_2CC
999 _c1141000
_d1141000